Zvyšovanie kvality vo verejnej správe Fond sociálneho rozvoja

S Alenou Bašistovou, generálnou riaditeľkou Fondu sociálneho rozvoja (FSR), v rozhovore o zlepšovaní kvality organizácie prostredníctvom samohodnotenia cez model CAF.

Guardado en:
Detalles Bibliográficos
Autor principal: Bašistová, Alena
Formato: Capítulo de libro
Lenguaje:eslovaco
Materias:
Etiquetas: Agregar Etiqueta
Sin Etiquetas, Sea el primero en etiquetar este registro!

MARC

LEADER 00000naa a2200000 4500
001 0167682
005 20240502072925.3
041 0 |a slo 
044 |a SK 
245 1 0 |a Zvyšovanie kvality vo verejnej správe Fond sociálneho rozvoja  |c Alena Bašistová 
520 |a S Alenou Bašistovou, generálnou riaditeľkou Fondu sociálneho rozvoja (FSR), v rozhovore o zlepšovaní kvality organizácie prostredníctvom samohodnotenia cez model CAF. 
610 2 0 |a manažment verejnej správy 
610 2 0 |a riadenie kvality 
610 2 0 |a kvalita práce 
610 2 0 |a model CAF 
610 2 0 |a rozvoj sociálny 
610 2 0 |a zodpovednosť spoločenská 
610 2 0 |a rozhovor 
100 1 |a Bašistová, Alena